| 000 | 01176cam a22003377a 4500 | ||
|---|---|---|---|
| 003 | CHAP | ||
| 005 | 20220329142313.0 | ||
| 008 | 000602d1999 mx r 00110 spa d | ||
| 010 | _a81345 | ||
| 011 | _a82317 | ||
| 035 | _a92808 | ||
| 040 | _cCHAP | ||
| 090 | _aTesis | ||
| 100 | 0 | 0 |
_aGómez Hernández, Joel. _949753 |
| 245 | 1 | 0 |
_aEvaluación técnica y económica de una huerta de mango en San Juan Bautista Cuicatlán, Oaxaca _c/por Joel Gómez Hernández |
| 260 |
_aChapingo, Méx. : _bEl autor, _c1999. |
||
| 300 |
_a76 h. ; _bgráfs. |
||
| 502 | _aTesis (Ing. Agr. Esp. en Fitotecnia) -- UACH. Departamento de Fitotecnia | ||
| 590 |
_aALEPH _b10 _c20130110 _lUCH01 _h1435 |
||
| 590 |
_aBATCH-UPD _b10 _c20130110 _lUCH01 _h0632 |
||
| 590 |
_aBATCH-UPD _b10 _c20130410 _lUCH01 _h0315 |
||
| 590 |
_aBATCH-UPD _b10 _c20130914 _lUCH01 _h1549 |
||
| 590 |
_aCONVERSION _b10 _c20130109 _lUCH01 _h1345 |
||
| 650 | 1 | 4 |
_aMango _xAspectos económicos. _970398 |
| 650 | 1 | 4 |
_aMango _zOaxaca. _970461 |
| 901 | _aBK | ||
| 905 | _aMayto Villalobos S. | ||
| 942 | _cFOLL | ||
| 949 |
_bBC _cTES _d33724000780334 _eTS2 _fc.2 _h36503 _i92808 _si |
||
| 949 |
_bBC _cTES _d928081 _eTS1 _h36271 _i92808 _sb |
||
| 999 |
_c81345 _d81345 |
||